000 01132nkm a2200265 i 4500
001 4057
003 ES-MaACL
005 20250713062914.0
007 khrbo
008 070626s1987 sp --- g |001||spa d
100 0 _aAlfonso,
_d1902-1990
_919858
245 1 0 _aPresentación del Premio Aguacantos 1986 : "Tres canciones en clave de soneto" original de Antonio de Jaén [
_hFotografía] /
_cAlfonso (sello).
260 _a[S.l. :
_bs.n.],
_c1987.
300 _a2 fot. :
_bb. y n. ;
_c12 x 18 cm.
500 _aDatos basados en invitación.
511 0 _aInterviene: Antonio de Jaén; presenta: Manuel Martínez Remis.
518 _aActo organizado por el Ateneo de Madrid, celebrado en el salón de actos el viernes, 5 de junio de 1987, a las 20:00 h.
600 1 4 _aJaén, Antonio de.
_965899
600 1 4 _aMartínez Remis, Manuel.
_978350
610 2 4 _aAteneo de Madrid-
_xActos culturales-
_y1987-
_vFotografías.
_91902
710 2 _aAteneo de Madrid.
_91875
852 _aES-MaACL
_jFOT 122/1987
856 4 _uhttp://www.ateneodemadrid.net/biblioteca_digital/imagenes/1987/0122-1987.jpg
_zVer imagen
999 _c4057
_d4057